000 01256nam a2200313Ia 4500
001 8130159
003 AUA.1
005 20130920094641.0
008 820205s1981 kyu b 000 0 eng d
040 _aKTS
_cKTS
_dEXN
049 _aEXNs [c.] [1:422786][2:422787]
_c1 [422786], 2 [422787]
090 _aBV 664
_b.D38 1988
092 _a253
_bF765f
245 0 0 _aFormation for Christian ministry /
_cedited by Anne Davis and Wade Rowatt, Jr.
260 _aLouisville, Ky. :
_bReview and expositor,
_cc1981.
300 _a200 p. ;
_c22 cm.
504 _aIncludes bibliographical references.
650 0 _aClergy
_xAppointment, call, and election.
_924707
650 0 _aClergy
_xOffice.
_924708
650 0 _aPastoral theology.
_924709
650 0 _aClergy
_xFamily relationships.
_924710
650 0 _aWomen clergy.
_924711
700 1 0 _aDavis, Anne.
_924712
700 1 0 _aRowatt, Wade.
_924713
710 2 0 _aSouthern Baptist Theological Seminary (Louisville, Ky.)
_924714
730 0 0 _aReview and expositor.
_924715
942 _2lcc
_cBOOK
_hBV 664
_i.D38 1988
999 _c7214
_d7214